Thành Cát Tư Hãn
Đã lưu trong:
| Príomhúdar: | |
|---|---|
| Formáid: | Leabhar |
| Teanga: | Undetermined |
| Foilsithe: |
H.
Văn Học
2002
|
| Ábhair: | |
| Clibeanna: |
Cuir Clib Leis
Gan Chlibeanna, Bí ar an gcéad duine leis an taifead seo a chlibeáil!
|
| Thư viện lưu trữ: | Trung tâm Học liệu Trường Đại học Cần Thơ |
|---|
| LEADER | 00518nam a2200181Ia 4500 | ||
|---|---|---|---|
| 001 | CTU_54254 | ||
| 008 | 210402s9999 xx 000 0 und d | ||
| 020 | |b 159000 | ||
| 082 | |a 895.13081 | ||
| 082 | |b T305 | ||
| 100 | |a Du Trí Tiên | ||
| 245 | 0 | |a Thành Cát Tư Hãn | |
| 245 | 0 | |c Du Trí Tiên và Chu Diệu Đình; Phong Đảo dịch | |
| 260 | |a H. | ||
| 260 | |b Văn Học | ||
| 260 | |c 2002 | ||
| 650 | |a historical fiction, chinese | ||
| 980 | |a Trung tâm Học liệu Trường Đại học Cần Thơ | ||